MDQL
is popping MORE tags! Check the
thread
!
Quizzes
Events
Quiz Creation
Community
Videos
Private Events
Remove Ads
Sign In
Join for FREE
Feedback
Dark Mode
Quiz Categories
Sports
Geography
Music
Movies
Television
Just For Fun
Miscellaneous
History
Literature
Language
Science
Gaming
Entertainment
Religion
Holiday
For Kids
Quiz Lab
Recent
Popular Today
Quiz Kudos Today
Editor Picks
Curator Picks
Quizzes by...
Day
Popularity
Type
Ratings
Length
Year
Community
Subscriptions
Recent Discussions
Orange Saloon
Badges
Playlists
Quests
Create
Leaderboards
Showdown
Live 5
Trivia Bingo
Activity
Puzzle Library
Sporcle Events
Private Events
Virtual Trivia
Globe League
Become a Host
Pub Owners
SporcleCon
Opinionation
Our Games
Videos
Blog
Mobile Apps
Partnerships
Remove Ads and Go Orange
Feedback
Entertainment
Celebrity
Famous
Musical
Broadway
Show
Quote
Comic Books
Anime
Superhero
DC Comics
Marvel
Cartoons
Animation
Entertainment
Celebrity
Famous
Musical
Broadway
Show
Quote
Comic Books
Anime
Superhero
DC Comics
Marvel
Cartoons
Animation
Random Quiz
Search Sporcle
×
Quiz Lab
Quiz Lab
Entertainment
Clickable
Select answers by clicking on text or image buttons
Select answers by clicking on text or image buttons
Clickable
Best Score? Go Orange.
Missing Word: Famous People Known By Three Names Stats
Can you guess the missing word of the famous people known by three names?
By
Robyn408
4m
30 Questions
564 Plays
564 Plays
564 Plays
Comments
Comments
Give Quiz Kudos
Give Quiz Kudos
-
- Ratings
hide this ad
Forced Order
Answers have to be entered in order
Answers have to be entered in order
Replay
Link that replays current quiz
Next Quiz
Link to next quiz in quiz playlist
You Got
0%
They Got
Avg Score
59%
Avg Friend Score
Upgrade to see
Score Distribution
Jump to the score distribution portion of the page
Score
0/30
Timer
04:00
0
Plays Today
% Correct
Arthur
89.7%
Bonham
79%
Hans
78.1%
Bowles
77.2%
Zeta
77.2%
Lloyd
76.3%
Ford
74.9%
Leonard
72.1%
Longfellow
70.6%
Beecher
69%
Haley
62.1%
Rice
61.6%
Day
60.1%
Carver
57.5%
Lincoln
57.5%
% Correct
Apolo
57.1%
Carter
56.9%
Harris
52.8%
Vaughn
49.5%
Francis
48.9%
Fenimore
48.8%
Astor
48%
Kathie
48%
Jonathan
46.6%
Michael
46.3%
Glaser
46.3%
Carol
44%
Trent
44%
Coretta
41.8%
Evan
41.1%
Quiz Playlist
Details
Report
Send in Message
Add To Playlist
Clickable:
Select answers by clicking on text or image buttons
Forced Order:
Answers have to be entered in order
Last Updated: May 27, 2017
Quiz Scoreboard
CHALLENGE
Sign Up to Join the Scoreboard
Show All
Scores
Hide
Comments
May contain spoilers
Recently Published
5x2 Blitz: Bands
by SL_Kpop136
Music
30s
Colored Red Africa Blitz
by spor1
Geography
30s
Find the 'City' Movie
by crazypaving
Movies
60s
More to Explore
Quiz From the Vault
Featured Blog Post
14 Easter Pick-up Lines to Find Eggs With
hide this ad
You Might Also Like...
Tags
Clickable Quiz
Famous Quiz
Known
three
Today's Top Quizzes in Entertainment
Browse Entertainment
hide this ad
Today's Top Quizzes in Clickable
Browse Clickable
Top Contributed Quizzes in Entertainment
1
Dragon Ball Z: Goku's Fights in Order
2
Marvel Classic Character Map
3
Marvel Characters Bunker
4
BOYS PLANET Quiz
5
Celebrity Spelling Bee
6
This is Your Life: Edward Elric
7
Survivor Winners Logic Quiz
8
This is Your Life: Itachi Uchiha
9
Dragon Ball Z: Immortal Characters
10
One Piece Heroines Chapter Cover
Explore More
Trending Topics
Kpop
Disney
NBA
Marvel
Harry Potter
Anime
Crossword
Soccer
Country
Song
NFL
Pokémon
The Office
WWE
Puzzle
hide this ad
More By:
Robyn408
Quiz
Plays
Rating
Category
Featured
Created
Harry Potter: Sorting Hat Blitz
309,807
3.93
Literature
Jun 1, 2014
Missing Word: Films About Films
4,080
4.46
Just For Fun
Oct 21, 2013
Missing Word: Famous People Known By Three Names
564
4.60
Entertainment
Dec 2, 2014
Harry Potter Actors Fill-in-the-Blank
168
4.33
Movies
Jul 19, 2014
Television Neighbors
146
4.25
Television
Sep 17, 2013
Go to Creator's Profile
Score Distribution
Quiz Creator Spotlight
Robyn408
Follow
Send a Message
Quizzes Created
-
Created Quiz Play Count
-
More By This Creator
Popular Quizzes Today
1
Colored Red Africa Blitz
2
Find the 'City' Movie
3
Find the US States - No Outlines Minefield
4
5x2 Blitz: Bands
5
The Countries of the World
6
Find the US States
7
US States
8
9x9 Crossword: Cartoon Network
More Entertainment Quizzes
Celebrities by Sardi's Caricature
Editor's Pick
Trending Quizzes
Colored Red Europe Blitz I
Colored Red Europe Blitz II
Colored Red Africa Blitz II
Colored Red Europe Blitz III
Colored Red Africa Blitz III
Recently Updated
How Do You Spell That?
pecheneg
Godzilla Movies
pecheneg
Grab Bag: 4-10 Letters
pecheneg
2024 March Madness Bracket
pecheneg
Famous TV Couples
Peacemaker
Champions League XIs: Real Madrid
pecheneg
Largest US Cities 1790-2010
pecheneg
Rides in Walt Disney World
pecheneg
Most Oscar Losses (Acting)
pecheneg
Beyoncé Albums
pecheneg
Trending Topics
Marvel
Crossword
Kpop
Harry Potter
Anime
Disney
NBA
Puzzle
Song
Country
Soccer
The Office
WWE
NFL
Pokémon
Your Account Isn't Verified!
In order to create a playlist on Sporcle, you need to verify the email address you used during registration. Go to your
Sporcle Settings
to finish the process.
Report this User
Report this user for behavior that violates our
Community Guidelines
.
Details:
Send Report
Go to the Sporcle.com Mobile Site →
Comments